<?xml version="1.0" encoding="UTF-8"?>
<collection xmlns="http://www.loc.gov/MARC21/slim">
    <record>
        <controlfield tag="001">96425</controlfield>
        <controlfield tag="005">20201120151207.0</controlfield>
        <datafield tag="037" ind1=" " ind2=" ">
            <subfield code="a">TAZ-TFG-2020-3805</subfield>
        </datafield>
        <datafield tag="041" ind1=" " ind2=" ">
            <subfield code="a">spa</subfield>
        </datafield>
        <datafield tag="100" ind1="1" ind2=" ">
            <subfield code="a">Traver Martínez, Nuria</subfield>
        </datafield>
        <datafield tag="242" ind1="0" ind2="0">
            <subfield code="a">Epizoochory as an ecosystem service for seed dispersal by sheep transhumance</subfield>
        </datafield>
        <datafield tag="245" ind1="0" ind2="0">
            <subfield code="a">La epizoocoria como servicio ecosistémico de dispersión de semillas en ovino trashumante</subfield>
        </datafield>
        <datafield tag="260" ind1=" " ind2=" ">
            <subfield code="a">Zaragoza</subfield>
            <subfield code="b">Universidad de Zaragoza</subfield>
            <subfield code="c">2020</subfield>
        </datafield>
        <datafield tag="506" ind1=" " ind2=" ">
            <subfield code="a">by-nc-sa</subfield>
            <subfield code="b">Creative Commons</subfield>
            <subfield code="c">3.0</subfield>
            <subfield code="u">http://creativecommons.org/licenses/by-nc-sa/3.0/</subfield>
        </datafield>
        <datafield tag="520" ind1=" " ind2=" ">
            <subfield code="a">La trashumancia es un sistema tradicional de manejo de ganado que ha sido declarado Patrimonio Inmaterial de la Humanidad por la UNESCO en el año 2019. La ganadería trashumante proporciona a la sociedad una serie de servicios ecosistémicos, incluyendo la dispersión de semillas por endozoocoria y epizoocoria, que tiene incidencia sobre el mantenimiento de la biodiversidad vegetal. &lt;br />El objetivo general del trabajo se centra en la valoración de la dispersión epizoócora de semillas de un rebaño trashumante de 3000 ovejas en su tránsito por la Cañada Real Conquense y un trayecto de casi 500 km y 24 días de desplazamiento a pie o “vereda”.&lt;br />Para ello se han realizado (i) una revisión bibliográfica y (ii) un trabajo experimental consistente en muestreos, antes (2018) y después (2018 y 2019) de realizar el desplazamiento, de las semillas adheridas a la lana de las ovejas. Se separaron, contabilizaron e identificaron (especies, géneros o familias botánicas) casi 2000 semillas adheridas a la lana extraída  al azar en cabeza, cuello, extremidades, flancos e ijares en 20 ovejas del rebaño. &lt;br />Los resultados muestran mayor riqueza de especies de semillas a la llegada a destino de las ovejas que a la salida, relacionado con los tipos de vegetación que transita el rebaño. Así como un promedio de 22 y 26 semillas por gramo de lana al salir y al llegar, respectivamente. Se observaron diferencias interanuales claras en el número de semillas adheridas a la lana. Las semillas adheridas pertenecen a 9 familias botánicas diferentes, predominando las familias Asteraceae, Umbeliferae y Lamiaceae. A partir del estudio, se estimó una dispersión epizoócora del rebaño completo en el final de la ruta de entre casi 800.000 (2018) y más de 1.250.000 semillas (en 2019). El transporte y dispersión de semillas por el ganado mediante epizoocoria y a larga distancia es un proceso dinámico complejo dependiente de diversos factores.&lt;br />La falta de reconocimiento social, el escaso relevo generacional y la disminución del consumo de carne de cordero son algunas de las causas de la progresiva desaparición de la actividad trashumante en España. Dada la situación, es importante poner en valor los múltiples servicios que este tipo de ganadería extensiva aporta a la sociedad.&lt;br />&lt;br /></subfield>
        </datafield>
        <datafield tag="521" ind1=" " ind2=" ">
            <subfield code="a">Graduado en Veterinaria</subfield>
        </datafield>
        <datafield tag="540" ind1=" " ind2=" ">
            <subfield code="a">Derechos regulados por licencia Creative Commons</subfield>
        </datafield>
        <datafield tag="700" ind1=" " ind2=" ">
            <subfield code="a">Barrantes Díaz, Olivia </subfield>
            <subfield code="e">dir.</subfield>
        </datafield>
        <datafield tag="700" ind1=" " ind2=" ">
            <subfield code="a">Ramo Gil, María Ángeles</subfield>
            <subfield code="e">dir.</subfield>
        </datafield>
        <datafield tag="710" ind1="2" ind2=" ">
            <subfield code="a">Universidad de Zaragoza</subfield>
            <subfield code="b">Patología Animal</subfield>
            <subfield code="c">Medicina y Cirugía Animal</subfield>
        </datafield>
        <datafield tag="856" ind1="0" ind2=" ">
            <subfield code="f">700470@unizar.es</subfield>
        </datafield>
        <datafield tag="856" ind1="4" ind2=" ">
            <subfield code="s">6238250</subfield>
            <subfield code="u">http://zaguan.unizar.es/record/96425/files/TAZ-TFG-2020-3805.pdf</subfield>
            <subfield code="y">Memoria (spa)</subfield>
        </datafield>
        <datafield tag="909" ind1="C" ind2="O">
            <subfield code="o">oai:zaguan.unizar.es:96425</subfield>
            <subfield code="p">driver</subfield>
            <subfield code="p">trabajos-fin-grado</subfield>
        </datafield>
        <datafield tag="950" ind1=" " ind2=" ">
            <subfield code="a"></subfield>
        </datafield>
        <datafield tag="951" ind1=" " ind2=" ">
            <subfield code="a">deposita:2020-11-20</subfield>
        </datafield>
        <datafield tag="980" ind1=" " ind2=" ">
            <subfield code="a">TAZ</subfield>
            <subfield code="b">TFG</subfield>
            <subfield code="c">VET</subfield>
        </datafield>
        <datafield tag="999" ind1=" " ind2=" ">
            <subfield code="a">20200915113055.CREATION_DATE</subfield>
        </datafield>
    </record>

    
</collection>